<?xml version="1.0" encoding="UTF-8"?>
<record
    xmlns:xsi="http://www.w3.org/2001/XMLSchema-instance"
    xsi:schemaLocation="http://www.loc.gov/MARC21/slim http://www.loc.gov/standards/marcxml/schema/MARC21slim.xsd"
    xmlns="http://www.loc.gov/MARC21/slim">

  <leader>01219cam a2200253a 44500</leader>
  <controlfield tag="003">OSt</controlfield>
  <controlfield tag="005">20150408113726.0</controlfield>
  <controlfield tag="008">030315s1961 ua g 00000 ara dd</controlfield>
  <datafield tag="040" ind1=" " ind2=" ">
    <subfield code="a">SA-RiAUC</subfield>
    <subfield code="b">ara</subfield>
    <subfield code="c">SA-RiAUC</subfield>
  </datafield>
  <datafield tag="041" ind1=" " ind2=" ">
    <subfield code="a">&#x639;&#x631;&#x628;&#x64A;</subfield>
  </datafield>
  <datafield tag="072" ind1="0" ind2=" ">
    <subfield code="a">045</subfield>
    <subfield code="x">&#x627;&#x644;&#x644;&#x63A;&#x629; &#x627;&#x644;&#x639;&#x631;&#x628;&#x64A;&#x629;</subfield>
  </datafield>
  <datafield tag="082" ind1="0" ind2="4">
    <subfield code="a">415.3</subfield>
  </datafield>
  <datafield tag="092" ind1=" " ind2=" ">
    <subfield code="a">415.3</subfield>
    <subfield code="b">&#x627; &#x643; &#x627;</subfield>
  </datafield>
  <datafield tag="100" ind1="1" ind2=" ">
    <subfield code="a">&#x627;&#x644;&#x623;&#x646;&#x628;&#x627;&#x631;&#x64A;&#x60C; &#x639;&#x628;&#x62F; &#x627;&#x644;&#x631;&#x62D;&#x645;&#x646; &#x628;&#x646; &#x645;&#x62D;&#x645;&#x62F; &#x628;&#x646; &#x639;&#x628;&#x64A;&#x62F; &#x627;&#x644;&#x644;&#x647;&#x60C;</subfield>
    <subfield code="d">513-577 &#x647;&#x640;.</subfield>
    <subfield code="9">1138</subfield>
  </datafield>
  <datafield tag="245" ind1="1" ind2="2">
    <subfield code="a">&#x627;&#x644;&#x623;&#x646;&#x635;&#x627;&#x641; &#x641;&#x64A; &#x645;&#x633;&#x627;&#x626;&#x644; &#x627;&#x644;&#x62E;&#x644;&#x627;&#x641; &#x628;&#x64A;&#x646; &#x627;&#x644;&#x646;&#x62D;&#x648;&#x64A;&#x646; &#x627;&#x644;&#x628;&#x635;&#x631;&#x64A;&#x64A;&#x646; &#x648;&#x627;&#x644;&#x643;&#x648;&#x641;&#x64A;&#x64A;&#x646; /</subfield>
    <subfield code="c">&#x62A;&#x623;&#x644;&#x64A;&#x641; &#x643;&#x645;&#x627;&#x644; &#x627;&#x644;&#x62F;&#x64A;&#x646; &#x623;&#x628;&#x64A; &#x627;&#x644;&#x628;&#x631;&#x643;&#x627;&#x62A; &#x627;&#x644;&#x623;&#x646;&#x628;&#x627;&#x631;&#x64A;. &#x648;&#x645;&#x639;&#x647;&#x60C; &#x643;&#x62A;&#x627;&#x628; &#x627;&#x644;&#x627;&#x646;&#x62A;&#x635;&#x627;&#x641; &#x645;&#x646; &#x627;&#x644;&#x623;&#x646;&#x635;&#x627;&#x641; / &#x62A;&#x623;&#x644;&#x64A;&#x641; &#x645;&#x62D;&#x64A;&#x649; &#x627;&#x644;&#x62F;&#x64A;&#x646; &#x639;&#x628;&#x62F; &#x627;&#x644;&#x62D;&#x645;&#x64A;&#x62F;.</subfield>
  </datafield>
  <datafield tag="250" ind1=" " ind2=" ">
    <subfield code="a">&#x637;. 4.</subfield>
  </datafield>
  <datafield tag="260" ind1=" " ind2=" ">
    <subfield code="a">&#x627;&#x644;&#x642;&#x627;&#x647;&#x631;&#x629;</subfield>
    <subfield code="b">&#x62F;&#x627;&#x631; &#x625;&#x62D;&#x64A;&#x627;&#x621; &#x627;&#x644;&#x62A;&#x631;&#x627;&#x62B; &#x627;&#x644;&#x639;&#x631;&#x628;&#x64A;&#x60C;</subfield>
    <subfield code="c">1380 = 1961</subfield>
  </datafield>
  <datafield tag="300" ind1=" " ind2=" ">
    <subfield code="a">2 &#x645;&#x62C;. (880 &#x635;.) &#x61B;</subfield>
    <subfield code="c">23 &#x633;&#x645;. 7</subfield>
  </datafield>
  <datafield tag="650" ind1=" " ind2=" ">
    <subfield code="a">&#x627;&#x644;&#x644;&#x63A;&#x629; &#x627;&#x644;&#x639;&#x631;&#x628;&#x64A;&#x629;</subfield>
    <subfield code="x">&#x627;&#x644;&#x646;&#x62D;&#x648;</subfield>
    <subfield code="2">aucsh. 7</subfield>
  </datafield>
  <datafield tag="650" ind1=" " ind2=" ">
    <subfield code="a">&#x627;&#x644;&#x644;&#x63A;&#x648;&#x64A;&#x648;&#x646; &#x627;&#x644;&#x639;&#x631;&#x628;</subfield>
    <subfield code="v">&#x62A;&#x631;&#x627;&#x62C;&#x645;</subfield>
    <subfield code="2">aucsh.12</subfield>
    <subfield code="9">32</subfield>
  </datafield>
  <datafield tag="700" ind1=" " ind2=" ">
    <subfield code="a">&#x639;&#x628;&#x62F; &#x627;&#x644;&#x62D;&#x645;&#x64A;&#x62F;&#x60C; &#x645;&#x62D;&#x645;&#x62F; &#x645;&#x62D;&#x64A;&#x649; &#x627;&#x644;&#x62F;&#x64A;&#x646;</subfield>
    <subfield code="t">&#x627;&#x644;&#x627;&#x646;&#x62A;&#x635;&#x627;&#x641; &#x645;&#x646; &#x627;&#x644;&#x623;&#x646;&#x635;&#x627;&#x641;.22</subfield>
    <subfield code="9">1139</subfield>
  </datafield>
  <datafield tag="740" ind1=" " ind2=" ">
    <subfield code="a">&#x627;&#x644;&#x627;&#x646;&#x62A;&#x635;&#x627;&#x641; &#x645;&#x646; &#x627;&#x644;&#x623;&#x646;&#x635;&#x627;&#x641;.\\</subfield>
  </datafield>
  <datafield tag="942" ind1=" " ind2=" ">
    <subfield code="2">ddc</subfield>
    <subfield code="c">BOOK</subfield>
  </datafield>
  <datafield tag="999" ind1=" " ind2=" ">
    <subfield code="c">1253</subfield>
    <subfield code="d">235753</subfield>
  </datafield>
  <datafield tag="952" ind1=" " ind2=" ">
    <subfield code="1">0</subfield>
    <subfield code="2">2013-03-10</subfield>
    <subfield code="4">0</subfield>
    <subfield code="7">0</subfield>
    <subfield code="a">415.3 &#x62C;1 &#x627; &#x639; &#x627;</subfield>
    <subfield code="d">2011-07-20</subfield>
    <subfield code="h">EMF</subfield>
    <subfield code="i">00504278</subfield>
    <subfield code="m">EMF</subfield>
    <subfield code="r">2013-03-10 00:00:00</subfield>
    <subfield code="t">BOOK</subfield>
    <subfield code="w">ddc</subfield>
    <subfield code="y">0</subfield>
  </datafield>
  <datafield tag="952" ind1=" " ind2=" ">
    <subfield code="1">0</subfield>
    <subfield code="2">2013-03-10</subfield>
    <subfield code="4">0</subfield>
    <subfield code="7">0</subfield>
    <subfield code="a">415.3 &#x62C;2 &#x627; &#x639; &#x627;</subfield>
    <subfield code="d">2011-07-27</subfield>
    <subfield code="h">EMF</subfield>
    <subfield code="i">00022815</subfield>
    <subfield code="m">EMF</subfield>
    <subfield code="q">2021-09-19</subfield>
    <subfield code="r">2021-09-19 00:00:00</subfield>
    <subfield code="t">REF</subfield>
    <subfield code="w">ddc</subfield>
    <subfield code="y">2</subfield>
  </datafield>
  <datafield tag="952" ind1=" " ind2=" ">
    <subfield code="1">0</subfield>
    <subfield code="2">2013-03-10</subfield>
    <subfield code="4">0</subfield>
    <subfield code="7">0</subfield>
    <subfield code="a">415.3 &#x62C;2 &#x627; &#x639; &#x627;</subfield>
    <subfield code="d">2011-09-02</subfield>
    <subfield code="h">EMF</subfield>
    <subfield code="i">00504279</subfield>
    <subfield code="m">EMF</subfield>
    <subfield code="r">2013-03-10 00:00:00</subfield>
    <subfield code="t">BOOK</subfield>
    <subfield code="w">ddc</subfield>
    <subfield code="y">0</subfield>
  </datafield>
  <datafield tag="952" ind1=" " ind2=" ">
    <subfield code="1">0</subfield>
    <subfield code="2">2013-03-10</subfield>
    <subfield code="4">0</subfield>
    <subfield code="7">0</subfield>
    <subfield code="a">415.3 &#x627; &#x639; &#x627;</subfield>
    <subfield code="d">2011-09-02</subfield>
    <subfield code="h">EMF</subfield>
    <subfield code="i">00017178</subfield>
    <subfield code="m">EMF</subfield>
    <subfield code="r">2013-03-10 00:00:00</subfield>
    <subfield code="t">BOOK</subfield>
    <subfield code="w">ddc</subfield>
    <subfield code="y">0</subfield>
  </datafield>
  <datafield tag="952" ind1=" " ind2=" ">
    <subfield code="1">0</subfield>
    <subfield code="2">2024-02-19</subfield>
    <subfield code="4">0</subfield>
    <subfield code="7">0</subfield>
    <subfield code="a">415.3 &#x627; &#x639; &#x627;</subfield>
    <subfield code="d">2024-02-19</subfield>
    <subfield code="h">EMF</subfield>
    <subfield code="i">00504280</subfield>
    <subfield code="m">EMF</subfield>
    <subfield code="r">2024-02-19 00:00:00</subfield>
    <subfield code="t">BOOK</subfield>
    <subfield code="w">ddc</subfield>
    <subfield code="y">0</subfield>
  </datafield>
</record>
